书目信息 |
| 题名: |
画说汉字
|
|
| 作者: | 许慎 著 ;画说汉字编辑部 著 | |
| 分册: | ||
| 出版信息: | 长春 时代文艺出版社 2015.10 |
|
| 页数: | 226页 | |
| 开本: | 23cm | |
| 丛书名: | ||
| 单 册: | ||
| 中图分类: | G624.223 | |
| 科图分类: | ||
| 主题词: | 识字课--shi zi ke--小学--教学参考资料 | |
| 电子资源: | ||
| ISBN: | 978-7-5387-4878-9 | |
| 000 | 00981nam0 2200241 450 | |
| 001 | 0105143329 | |
| 005 | 20201105143351.0 | |
| 010 | @a978-7-5387-4878-9@dCNY49.90 | |
| 100 | @a20181114e20182015em y0chiy50 ea | |
| 101 | 0 | @achi |
| 102 | @aCN@b220000 | |
| 105 | @ay z 000yy | |
| 106 | @ar | |
| 200 | 1 | @a画说汉字@Ahua shuo han zi@e小学版完全图解小学1-2年级新课标@f(东汉)许慎著@g画说汉字编辑部著 |
| 210 | @a长春@c时代文艺出版社@d2015.10@h2018.07 | |
| 215 | @a226页@d23cm | |
| 330 | @a本书按照人民教育出版社的小学语文课程要求,将小学1~2年级所需要识记的1000个汉字,进行详细的图文解读。本书旨在让小学生在毫无压力的情况下,以发散联想、图画记忆的科学学习方式,轻松掌握课本课程中所要求识记的汉字,是充满趣味的汉字学习参考书。 | |
| 606 | 0 | @a识字课@Ashi zi ke@x小学@j教学参考资料 |
| 690 | @aG624.223@v5 | |
| 701 | 0 | @a许慎@Axu shen@4著@c(东汉) |
| 712 | 02 | @a画说汉字编辑部@Ahua shuo han zi bian ji bu@4著 |
| 801 | 0 | @aCN@bBJSZM@c20201105 |
| 905 | @b1262850-2@dG624.223@e1199@f3 | |
| 画说汉字:小学版完全图解小学1-2年级新课标/(东汉)许慎著/画说汉字编辑部著.-长春:时代文艺出版社,2015.10(2018.07) |
| 226页;23cm |
| ISBN 978-7-5387-4878-9:CNY49.90 |
| 本书按照人民教育出版社的小学语文课程要求,将小学1~2年级所需要识记的1000个汉字,进行详细的图文解读。本书旨在让小学生在毫无压力的情况下,以发散联想、图画记忆的科学学习方式,轻松掌握课本课程中所要求识记的汉字,是充满趣味的汉字学习参考书。 |
| ● |
| 相关链接 |
|
|
|
|
正题名:画说汉字
索取号:G624.223/1199
 
预约/预借
| 序号 | 登录号 | 条形码 | 馆藏地/架位号 | 状态 | 备注 |
| 1 | 1262850 | 212628502 | 第一样本阅览室/ [索取号:G624.223/1199] | 在馆 | |
| 2 | 1262851 | 212628511 | 第四借阅区/ [索取号:G624.223/1199] | 在馆 | |
| 3 | 1262852 | 212628520 | 第四借阅区/ [索取号:G624.223/1199] | 在馆 |